00546 2200217 4500001002100000005001700021008004100038035002400079082001300103090002000116100002100136245003600157260003200193300002100225650002000246850001500266980001100281985000600292999001500298999001500313YOGYA-0209000000533820090227020811.0 ind  0010-020900000005338 a297.1209 a297.1209bSya S aSYAIFULLAH, Amir aSeni kaligraficAmir Syaifullah aJombangbLintas Mediac19-? a56 hlmc15x23 cm aKaligrafi Islam aYOPDYOG(B) a140605 a2 a02P0003143 a02P0003145